Lo bello y los sublime; la paz perpetua

Gardado en:
Detalles Bibliográficos
Autor Principal: Kant, Manuel
Formato: Libro
Idioma:Undetermined
Publicado: Madrid, España Espasa Calpe 1946
Edición:7
Materias:
Etiquetas: Engadir etiqueta
Sen Etiquetas, Sexa o primeiro en etiquetar este rexistro!

MARC

LEADER 00000nam a2200000Ia 4500
008 170316s9999 xx 000 0 und d
090 |a 100 K-1L 
100 |a Kant, Manuel 
245 |a Lo bello y los sublime; la paz perpetua 
250 |a 7 
260 |a Madrid, España 
260 |b Espasa Calpe 
260 |c 1946 
300 |a 159 páginas 
650 |a FILOSOFÍA 
999 |c 16664  |d 16664 
040 |a cru BVZT 
942 |c 15 D  |h 100 K-1L  |2 z